Русские картины. Серия 1.1: Чтение Положения 19 февраля (Запись № 5288662)

Подробности
000 -МАРКЕР
контрольное поле 02257nam2a22003011 4500
001 - ИДЕНТИФИКАТОР ЗАПИСИ
контрольное поле v19\rc\1260085
005 - ИДЕНТИФИКАТОР ВЕРСИИ
контрольное поле 20260406002329.0
035 ## - ДРУГИЕ СИСТЕМНЫЕ НОМЕРА
Идентификатор записи (NLR Aleph) 005198824
100 ## - ДАННЫЕ ОБЩЕЙ ОБРАБОТКИ
Данные общей обработки 20060306d1892 |||y0rusy50 ca
101 0# - ЯЗЫК РЕСУРСА
Язык текста, звукозаписи и т.д. русский
102 ## - СТРАНА ПУБЛИКАЦИИ ИЛИ ПРОИЗВОДСТВА
Страна публикации Российская Федерация
105 ## - ПОЛЕ КОДИРОВАННЫХ ДАННЫХ: ТЕКСТОВЫЕ МАТЕРИАЛЫ, МОНОГРАФИЧЕСКИЕ
Кодированные данные о монографическом текстовом документе a z |||||
200 1# - ЗАГЛАВИЕ И СВЕДЕНИЯ ОБ ОТВЕТСТВЕННОСТИ
Основное заглавие Чтение Положения 19 февраля
210 ## - ПУБЛИКАЦИЯ, РАСПРОСТРАНЕНИЕ И ДР.
Дата издания, распространения и т.д. 1892
Место издания, распространения и т.д. Б. м.
215 ## - ФИЗИЧЕСКАЯ ХАРАКТЕРИСТИКА
Специфическое обозначение материала и объем 13 л. ил.
423 #0 - ИЗДАЕТСЯ В ОДНОЙ ОБЛОЖКЕ ВМЕСТЕ С ...
Встроенное поле 1010#$arus
-- 2001#$a2. Раздел
-- 700#1$3RU\NLR\AUTH\7753127$7ca$aМаксимов$bВ. М.$cхудожник$f1844-1911$gВасилий Максимович$4040
Заглавие 2. Раздел
Автор Максимов, Василий Максимович (художник ; 1844-1911)
423 #0 - ИЗДАЕТСЯ В ОДНОЙ ОБЛОЖКЕ ВМЕСТЕ С ...
Встроенное поле 1010#$arus
-- 2001#$a3. Приезд гувернантки
-- 700#1$aПеров$bВ. Г.$f1834-1882$gВасилий Григорьевич$4040
Заглавие 3. Приезд гувернантки
Автор Перов, Василий Григорьевич (1834-1882)
423 #0 - ИЗДАЕТСЯ В ОДНОЙ ОБЛОЖКЕ ВМЕСТЕ С ...
Встроенное поле 1010#$arus
-- 2001#$a4. Неравный брак
-- 700#1$aПукирев$bВ. В.$f1832-1890$gВасилий Владимирович$4040
Заглавие 4. Неравный брак
Автор Пукирев, Василий Владимирович (1832-1890)
423 #0 - ИЗДАЕТСЯ В ОДНОЙ ОБЛОЖКЕ ВМЕСТЕ С ...
Встроенное поле 1010#$arus
-- 2001#$a5. Проводы новобранца
-- 700#1$3RU\NLR\AUTH\7717044$7ca$aРепин$bИ. Е.$f1844-1930$gИлья Ефимович$4040
Заглавие 5. Проводы новобранца
Автор Репин, Илья Ефимович (1844-1930)
461 #0 - УРОВЕНЬ НАБОРА
Встроенное поле 001v19\rc\1260084
-- 2001#$aРусские картины$eСнимки с некоторых из лучших произведений русской живописи. Серия 1-$vСерия 1.1
Системный номер (АБИС) связанной записи 4053308
Место публикации Москва
Дата публикации 1892
Имя издателя, распространителя и т.д. "Посредник"
Сведения, относящиеся к заглавию Снимки с некоторых из лучших произведений русской живописи. Серия 1-
Заглавие Русские картины
Номер тома Серия 1.1
700 #1 - ИМЯ ЛИЦА - ПЕРВИЧНАЯ ОТВЕТСТВЕННОСТЬ
Код отношения Карикатурист, Художник
Графика поля Кириллица
Материалы, к которым относится поле rus
Начальный элемент ввода Мясоедов
Часть имени, кроме начального элемента ввода Г. Г.
Дополнения к именам, кроме дат художник
Даты 1834-1911
Расширение инициалов личного имени Григорий Григорьевич
Системный номер авторитетной/нормативной записи 94793
Идентификатор авторитетной/нормативной записи RU\NLR\AUTH\77111868
801 #0 - ИСТОЧНИК ЗАПИСИ
Страна Российская Федерация
Организация NLR
Дата составления 20060306
Правила каталогизации psbo
801 #1 - ИСТОЧНИК ЗАПИСИ
Страна Российская Федерация
Организация ProSoft-M
Дата составления 20060306
Источник данных rusmarc
801 #2 - ИСТОЧНИК ЗАПИСИ
Страна Российская Федерация
Организация NLR
Дата составления 20080317
Источник данных rusmarc
852 ## - МЕСТОНАХОЖДЕНИЕ И ШИФР ХРАНЕНИЯ
Идентификатор организации NLR
Шифр хранения (Call Number) 18.23.1.61
942 ## - ДОПОЛНИТЕЛЬНЫЕ ЭЛЕМЕНТЫ ЗАПИСИ (АБИС)
Тип экземпляра АБИС Книга
980 ## - КОЛЛЕКЦИЯ
Название коллекции Национальная библиография
Экземпляры
Тип экземпляра Дата поступления Библиотека постоянного хранения Библиотека текущего хранения Место хранения Шифр хранения Штрих-код Статус экземпляра
Книга 26.10.2013 РНБ (Садовая) РНБ (Садовая) Русский книжный фонд -Главное здание, Ленинский читальный зал 18.23.1.61 5198824-10